History Quiz

Random History or Year Quiz

Who won what in 1950? Quiz Stats

 Plays Quiz not verified by Sporcle

Score 0/20 Timer 05:00
0 Plays Today
% Correct
World Series (baseball)
91.9%
Academy Award for Best Actress
91.9%
Football League First Division (England)
89.2%
Stanley Cup (ice hockey)
89.2%
Tony Award for Best Musical
86.5%
FIFA World Cup
86.5%
Five Nations Championship
81.1%
United Kingdom general election
78.4%
Billboard Top-selling Single of the year (United States)
78.4%
Academy Award for Best Actor
75.7%
% Correct
Wimbledon singles championships (men's and women's)
75.7%
TIME Magazine Man of the Year
73%
Emmy Award for Best Kinescope Show
73%
Nobel Prize in Physiology or Medicine
70.3%
Associated Press Athletes of the Year
70.3%
VFL Grand Final (Australian rules football)
64.9%
Formula 1 World Drivers' Championship
64.9%
4×110 yards and 4×440 yards relay (athletics) at the British Empire Games
62.2%
Nobel Peace Prize
51.4%
Pulitzer Prize for Drama
45.9%

You're not logged in!

Compare scores with friends on all Sporcle quizzes.
OR
Log In

You Might Also Like...

Show Comments

Extras

Top Quizzes Today


Score Distribution

Your Account Isn't Verified!

In order to create a playlist on Sporcle, you need to verify the email address you used during registration. Go to your Sporcle Settings to finish the process.

Report this User

Report this user for behavior that violates our Community Guidelines.

Details: